Economic transition in early modern India : (Record no. 1308920)
[ view plain ]
| 000 -LEADER | |
|---|---|
| fixed length control field | 00542nam a22001817a 4500 |
| 005 - DATE AND TIME OF LATEST TRANSACTION | |
| control field | 20250412150056.0 |
| 008 - FIXED-LENGTH DATA ELEMENTS--GENERAL INFORMATION | |
| fixed length control field | 250412b |||||||| |||| 00| 0 eng d |
| 020 ## - INTERNATIONAL STANDARD BOOK NUMBER | |
| International Standard Book Number | 9789361774027 |
| 040 ## - CATALOGING SOURCE | |
| Original cataloging agency | SDCL |
| Transcribing agency | SDCL |
| Modifying agency | SDCL |
| 041 ## - LANGUAGE CODE | |
| Source of code | eng |
| Language code of text/sound track or separate title | eng |
| 084 ## - COLON CLASSIFICATION NUMBER | |
| Classification number | X.275'M R4 |
| 100 ## - MAIN ENTRY--PERSONAL NAME | |
| Personal name | Datta, Rajat |
| 245 ## - TITLE STATEMENT | |
| Title | Economic transition in early modern India : |
| Remainder of title | Production, subsistence and the market in eighteenth-century Bengal |
| 260 ## - PUBLICATION, DISTRIBUTION, ETC. | |
| Place of publication, distribution, etc. | Delhi : |
| Name of publisher, distributor, etc. | Primus Books, |
| Date of publication, distribution, etc. | 2024. |
| 300 ## - PHYSICAL DESCRIPTION | |
| Extent | xx,287p. |
| 942 ## - ADDED ENTRY ELEMENTS (KOHA) | |
| Source of classification or shelving scheme | Colon Classification (CC) |
| Koha item type | Textual |
| Suppress in OPAC | No |
| Withdrawn status | Lost status | Source of classification or shelving scheme | Damaged status | Not for loan | Home library | Current library | Date acquired | Source of acquisition | Inventory number | Total Checkouts | Full call number | Barcode | Date last seen | Price effective from | Koha item type |
|---|---|---|---|---|---|---|---|---|---|---|---|---|---|---|---|
| Colon Classification (CC) | South Campus Library | South Campus Library | 2025-04-12 | Govinda Book House | 6527, 23/11/2024, INR 1050.00 | X.275'M R4 | SC1690562 | 2025-04-12 | 2025-04-12 | Textual |
